Entre el hecho internacionalmente ilícito y el crimen internacional : la responsabilidad dual por genocidio en las jurisdicciones internacionales y su análisis desde la fragmentación secundaria /

Guardado en:
Autor Principal: Luterstein, Natalia Marina.
Formato: Libro
Idioma:Undetermined
Publicado: Ciudad Autónoma de Buenos Aires : Eudeba, 2025.
Edición:1a. ed.
Series:Serie tesis
Materias:
Etiquetas: Agregar Etiqueta
Sin Etiquetas, Sea el primero en etiquetar este registro!
LEADER 00689nam a22001695a 4500
001 DER.der015661
008 260128s2025####xx############000#0#und#d
005 20260128123041.0
245 1 0 |a Entre el hecho internacionalmente ilícito y el crimen internacional :  |b la responsabilidad dual por genocidio en las jurisdicciones internacionales y su análisis desde la fragmentación secundaria /  |c Natalia Marina Luterstein. 
250 |a 1a. ed. 
260 |a Ciudad Autónoma de Buenos Aires :  |b Eudeba,  |c 2025. 
300 |a 585 p. 
490 1 |a Serie tesis 
020 |a 9789502335780 
100 1 |a Luterstein, Natalia Marina. 
650 7 |a DERECHO INTERNACIONAL 
859 |a DERECHO  |b BIB. DERECHO  |h 341  |i LUT  |p 0010789